[Event "SRB-chT Men 1st League 2019"]
[Site "Subotica"]
[Date "2019.08.24"]
[Round "3.8"]
[White "Perunovic, Milos"]
[Black "Pap, Misa"]
[Result "0-1"]
[WhiteElo "2569"]
[BlackElo "2454"]
[Annotator "ChessBase"]
[PlyCount "102"]
[EventDate "2019.08.23"]
[EventType "team-tourn"]
[EventCountry "SRB"]
[SourceTitle "playchess.com"]
[Source "ChessBase"]
[SourceQuality "1"]
[TimeControl "40/5400+30:1800+30"]

1. e4 {[%emt 1:30:30]} e5 {[%emt 1:30:30]} 2. Nf3 {[%emt 0:00:30]} Nf6 {[%emt 0:00:30]} 3. d4 {[%emt 0:00:30]} Nxe4 {[%emt 0:00:30]} 4. Bd3 {[%emt 0:00:30]} d5 {[%emt 0:00:30]} 5. Nxe5 {[%emt 0:00:30]} Nd7 {[%emt 0:00:30]} 6. O-O {[%emt 0:00:30]} Nxe5 {[%emt 0:00:30]} 7. dxe5 {[%emt 0:00:30]} Nc5 {[%emt 0:00:30]} 8. f4 {[%emt 0:00:30]} Nxd3 {[%emt 0:00:30]} 9. Qxd3 {[%emt 0:00:30]} g6 {[%emt 0:00:30]} 10. Nc3 {[%emt 0:00:30]} Bc5+ {[%emt 0:00:30]} 11. Kh1 {[%emt 0:00:30]} c6 {[%emt 0:00:30]} 12. Ne2 {[%emt 0:00:30]} Bf5 {[%emt 0:00:30]} 13. Qc3 {[%emt 0:00:30]} Qb6 {[%emt 0:00:30]} 14. Ng3 {[%emt 0:00:30]} Be6 {[%emt 0:00:30]} 15. f5 {[%emt 0:00:30]} gxf5 {[%emt 0:00:30]} 16. Bg5 {[%emt 0:00:30]} Rg8 {[%emt 0:00:30]} 17. Qd2 {[%emt 0:00:30]} h6 {[%emt 0:00:30]} 18. Bf6 {[%emt 0:00:30]} Rg6 {[%emt 0:00:30]} 19. Nxf5 {[%emt 0:00:30]} Kd7 {[%emt 0:00:30]} 20. c3 {[%emt 0:00:30]} a5 {[%emt 0:00:30]} 21. Rab1 {[%emt 0:00:30]} Rag8 {[%emt 0:00:30]} 22. g3 {[%emt 0:00:30]} Rg4 {[%emt 0:00:30]} 23. Rf4 {[%emt 0:00:30]} Rxf4 {[%emt 0:00:30]} 24. Qxf4 {[%emt 0:00:30]} Qb5 {[%emt 0:00:30]} 25. Qf1 {[%emt 0:00:30]} Qa4 {[%emt 0:00:30]} 26. b4 {[%emt 0:00:30]} axb4 {[%emt 0:00:30]} 27. cxb4 {[%emt 0:00:30]} Bb6 {[%emt 0:00:30]} 28. Ng7 {[%emt 0:00:30]} Qc2 {[%emt 0:00:30]} 29. Re1 {[%emt 0:00:30]} Rxg7 {[%emt 0:00:30]} 30. Bxg7 {[%emt 0:00:30]} d4 {[%emt 0:00:30]} 31. Bf8 {[%emt 0:00:30]} d3 {[%emt 0:00:30]} 32. Bc5 {[%emt 0:00:30]} Bxc5 {[%emt 0:00:30]} 33. bxc5 Bd5+ {[%emt 0:00:30]} 34. Kg1 {[%emt 0:01:00]} Qxc5+ {[%emt 0:00:30]} 35. Qf2 {[%emt 0:00:30]} Qc4 {[%emt 0:00:30]} 36. a3 {[%emt 0:00:30]} c5 {[%emt 0:00:30]} 37. h3 {[%emt 0:00:30]} Be6 {[%emt 0:00:30]} 38. Rd1 {[%emt 0:00:30]} Qd5 {[%emt 0:00:30]} 39. Qe3 {[%emt 0:00:30]} Bf5 {[%emt 0:00:30]} 40. g4 {[%emt 0:00:30]} Bg6 {[%emt 0:00:30]} 41. a4 {[%emt 0:30:30]} Be4 {[%emt 0:30:30]} 42. Re1 {[%emt 0:00:30]} Bf3 {[%emt 0:00:30]} 43. Qd2 {[%emt 0:00:30]} Qd4+ {[%emt 0:00:30]} 44. Kf1 {[%emt 0:00:30]} c4 {[%emt 0:00:30]} 45. e6+ {[%emt 0:00:30]} fxe6 {[%emt 0:00:30]} 46. Qxh6 {[%emt 0:00:30]} Bd5 {[%emt 0:00:30]} 47. Qe3 {[%emt 0:00:30]} Qb2 {[%emt 0:00:30]} 48. Qf2 {[%emt 0:00:30]} Qxf2+ {[%emt 0:00:30]} 49. Kxf2 {[%emt 0:00:30]} d2 {[%emt 0:00:30]} 50. Rg1 {[%emt 0:00:30]} c3 {[%emt 0:00:30]} 51. Ke2 {[%emt 0:00:30]} Bf3+ {[%emt 0:00:30]} 0-1

[Event "SRB-chT Men 1st League 2019"]
[Site "Subotica"]
[Date "2019.08.24"]
[Round "3.9"]
[White "Lajthajm, Borko"]
[Black "Damljanovic, Branko"]
[Result "1-0"]
[WhiteElo "2414"]
[BlackElo "2483"]
[Annotator "ChessBase"]
[PlyCount "79"]
[EventDate "2019.08.23"]
[EventType "team-tourn"]
[EventCountry "SRB"]
[SourceTitle "playchess.com"]
[Source "ChessBase"]
[SourceQuality "1"]
[TimeControl "40/5400+30:1800+30"]

1. e4 {[%emt 0:01:39]} c5 {[%emt 0:00:00]} 2. c3 {[%emt 0:00:05]} e6 {[%emt 0:00:04]} 3. Nf3 {[%emt 0:00:34]} Nf6 {[%emt 0:01:07]} 4. e5 {[%emt 0:00:43]} Nd5 {[%emt 0:00:02]} 5. Na3 {[%emt 0:00:26]} Nc6 {[%emt 0:04:28]} 6. Bb5 {[%emt 0:06:11]} Qc7 {[%emt 0:01:08]} 7. Bxc6 {[%emt 0:00:05]} Qxc6 {[%emt 0:00:17]} 8. d3 {[%emt 0:00:15]} Be7 {[%emt 0:01:50]} 9. O-O {[%emt 0:00:41]} b6 {[%emt 0:08:57]} 10. c4 {[%emt 0:00:47]} Nc7 {[%emt 0:02:55]} 11. Bg5 {[%emt 0:01:27]} Bb7 {[%emt 0:06:12]} 12. Bxe7 {[%emt 0:00:42]} Kxe7 {[%emt 0:00:02]} 13. d4 {[%emt 0:00:44]} d6 {[%emt 0:05:47]} 14. Qd2 {[%emt 0:06:48]} Rhd8 {[%emt 0:15:47]} 15. Qg5+ {[%emt 0:03:35]} Kf8 {[%emt 0:02:38]} 16. Rad1 {[%emt 0:01:02]} h6 {[%emt 0:03:53]} 17. Qg3 {[%emt 0:01:49]} d5 {[%emt 0:02:13]} 18. b3 {[%emt 0:04:19]} dxc4 {[%emt 0:11:26]} 19. Nxc4 {[%emt 0:00:21]} Ba6 {[%emt 0:01:54]} 20. Rc1 {[%emt 0:05:21]} Nd5 {[%emt 0:03:44]} 21. Rfd1 {[%emt 0:01:28]} Bxc4 {[%emt 0:13:50]} 22. Rxc4 {[%emt 0:01:24]} Qb5 {[%emt 0:00:44]} 23. Rdc1 {[%emt 0:02:13]} Rac8 {[%emt 0:06:31]} 24. dxc5 {[%emt 0:04:07]} Rxc5 {[%emt 0:00:24]} 25. Rxc5 {[%emt 0:00:56]} bxc5 {[%emt 0:00:02]} 26. Qh4 {[%emt 0:00:48]} Rc8 {[%emt 0:01:02]} 27. h3 {[%emt 0:01:12]} Qe2 {[%emt 0:00:59]} 28. Rxc5 {[%emt 0:00:54]} Ra8 {[%emt 0:03:11]} 29. Ra5 {[%emt 0:01:22]} Kg8 {[%emt 0:00:41]} 30. Qc4 {[%emt 0:02:10]} Qd1+ {[%emt 0:00:08]} 31. Kh2 {[%emt 0:00:15]} Nb6 {[%emt 0:00:19]} 32. Qc7 {[%emt 0:01:45]} Qf1 {[%emt 0:02:33]} 33. Rxa7 {[%emt 0:00:22]} Rxa7 {[%emt 0:00:01]} 34. Qxa7 {[%emt 0:00:07]} Qxf2 {[%emt 0:01:22]} 35. Qb8+ {[%emt 0:10:13]} Kh7 {[%emt 0:00:04]} 36. Qb7 {[%emt 0:00:08]} Kg8 {[%emt 0:00:19]} 37. Qb8+ {[%emt 0:00:32]} Kh7 {[%emt 0:00:01]} 38. Qc7 {[%emt 0:00:10]} Kg8 {[%emt 0:00:37]} 39. Qd8+ {[%emt 0:00:07]} Kh7 {[%emt 0:00:03]} 40. Qd4 {[%emt 0:00:00]} 1-0

[Event "SRB-chT Men 1st League 2019"]
[Site "Subotica"]
[Date "2019.08.24"]
[Round "3.10"]
[White "Tadic, Branko"]
[Black "Arsovic, Zoran"]
[Result "1/2-1/2"]
[WhiteElo "2488"]
[BlackElo "2370"]
[Annotator "ChessBase"]
[PlyCount "44"]
[EventDate "2019.08.23"]
[EventType "team-tourn"]
[EventCountry "SRB"]
[SourceTitle "playchess.com"]
[Source "ChessBase"]
[SourceQuality "1"]
[TimeControl "40/5400+30:1800+30"]

1. Nf3 {[%emt 0:01:49]} c5 {[%emt 0:00:00]} 2. c4 {[%emt 0:00:29]} Nc6 {[%emt 0:00:32]} 3. Nc3 {[%emt 0:02:19]} Nf6 {[%emt 0:02:16]} 4. g3 {[%emt 0:01:27]} d5 {[%emt 0:02:31]} 5. cxd5 {[%emt 0:02:33]} Nxd5 {[%emt 0:00:23]} 6. Bg2 {[%emt 0:01:07]} e6 {[%emt 0:04:32]} 7. O-O {[%emt 0:03:21]} Be7 {[%emt 0:01:04]} 8. Nxd5 {[%emt 0:07:13]} exd5 {[%emt 0:03:04]} 9. d4 {[%emt 0:00:22]} O-O {[%emt 0:01:27]} 10. dxc5 {[%emt 0:06:36]} Bxc5 {[%emt 0:00:32]} 11. Bg5 {[%emt 0:01:03]} Qd7 {[%emt 0:08:25]} 12. Rc1 {[%emt 0:02:27]} Bb6 {[%emt 0:02:21]} 13. Bd2 {[%emt 0:07:57]} Qe7 {[%emt 0:06:19]} 14. Bc3 {[%emt 0:01:36]} Rd8 {[%emt 0:04:53]} 15. e3 {[%emt 0:04:09]} Bf5 {[%emt 0:02:53]} 16. Qb3 {[%emt 0:08:30]} Be4 {[%emt 0:05:44]} 17. Rfd1 {[%emt 0:03:46]} Rac8 {[%emt 0:05:41]} 18. Nd4 {[%emt 0:14:01]} Nxd4 {[%emt 0:09:37]} 19. Bxd4 {[%emt 0:00:30]} Rxc1 {[%emt 0:02:37]} 20. Rxc1 {[%emt 0:00:09]} Bxd4 {[%emt 0:02:05]} 21. exd4 {[%emt 0:00:06]} Bxg2 {[%emt 0:01:20]} 22. Kxg2 {[%emt 0:00:07]} g6 {[%emt 0:04:10]} 1/2-1/2

[Event "SRB-chT Men 1st League 2019"]
[Site "Subotica"]
[Date "2019.08.24"]
[Round "3.11"]
[White "Radlovacki, Jovan"]
[Black "Nestorovic, Nikola"]
[Result "0-1"]
[WhiteElo "2265"]
[BlackElo "2468"]
[Annotator "ChessBase"]
[PlyCount "76"]
[EventDate "2019.08.23"]
[EventType "team-tourn"]
[EventCountry "SRB"]
[SourceTitle "playchess.com"]
[Source "ChessBase"]
[SourceQuality "1"]
[TimeControl "40/5400+30:1800+30"]

1. e4 {[%emt 0:01:15]} c5 {[%emt 0:00:00]} 2. Nf3 {[%emt 0:00:08]} Nc6 {[%emt 0:00:00]} 3. Bb5 {[%emt 0:00:06]} g6 {[%emt 0:00:00]} 4. Bxc6 {[%emt 0:00:04]} dxc6 {[%emt 0:00:00]} 5. d3 {[%emt 0:00:17]} Bg7 {[%emt 0:00:00]} 6. h3 {[%emt 0:00:40]} Nf6 {[%emt 0:00:10]} 7. Nc3 {[%emt 0:05:24]} Nd7 {[%emt 0:00:22]} 8. O-O {[%emt 0:00:10]} e5 {[%emt 0:01:47]} 9. Be3 {[%emt 0:00:54]} b6 {[%emt 0:00:16]} 10. a3 {[%emt 0:00:25]} Qe7 {[%emt 0:02:51]} 11. Qd2 {[%emt 0:00:42]} h6 {[%emt 0:00:06]} 12. Nh2 {[%emt 0:05:51]} Nf8 {[%emt 0:02:08]} 13. b4 {[%emt 0:00:38]} Ne6 {[%emt 0:03:10]} 14. bxc5 {[%emt 0:07:50]} f5 {[%emt 0:01:54]} 15. exf5 {[%emt 0:02:47]} gxf5 {[%emt 0:00:06]} 16. f4 {[%emt 0:01:31]} exf4 {[%emt 0:04:33]} 17. Bf2 {[%emt 0:00:45]} bxc5 {[%emt 0:01:28]} 18. Rae1 {[%emt 0:02:14]} O-O {[%emt 0:01:20]} 19. Ne2 {[%emt 0:03:39]} Qd6 {[%emt 0:06:00]} 20. Nf3 {[%emt 0:03:16]} c4 {[%emt 0:17:28]} 21. d4 {[%emt 0:05:36]} a5 {[%emt 0:05:34]} 22. c3 {[%emt 0:03:47]} Rb8 {[%emt 0:02:01]} 23. a4 {[%emt 0:03:57]} Rb3 {[%emt 0:04:08]} 24. Nc1 {[%emt 0:12:23]} Rb8 {[%emt 0:00:27]} 25. Ne5 {[%emt 0:11:23]} Ba6 {[%emt 0:01:32]} 26. Nf3 {[%emt 0:15:51]} Ng5 {[%emt 0:02:42]} 27. Nxg5 {[%emt 0:02:27]} hxg5 {[%emt 0:00:02]} 28. Ne2 {[%emt 0:00:42]} Bh6 {[%emt 0:04:02]} 29. Kh1 {[%emt 0:01:47]} g4 {[%emt 0:01:01]} 30. Qc2 {[%emt 0:01:55]} Bb7 {[%emt 0:02:34]} 31. Bh4 {[%emt 0:02:33]} gxh3 {[%emt 0:11:56]} 32. Ng1 {[%emt 0:00:07]} c5 {[%emt 0:02:51]} 33. Nxh3 {[%emt 0:00:10]} Be4 {[%emt 0:00:16]} 34. Qa2 {[%emt 0:04:35]} Rb3 {[%emt 0:00:36]} 35. dxc5 {[%emt 0:00:32]} Qg6 {[%emt 0:01:55]} 36. Qe2 {[%emt 0:01:04]} Rxc3 {[%emt 0:03:09]} 37. Rf3 {[%emt 0:00:14]} Rc2 {[%emt 0:01:48]} 38. Qf1 {[%emt 0:00:06]} Qh5 {[%emt 0:03:03]} 0-1

[Event "SRB-chT Men 1st League 2019"]
[Site "Subotica"]
[Date "2019.08.24"]
[Round "3.12"]
[White "Nestorovic, Lazar"]
[Black "Sredojevic, Ivan"]
[Result "1/2-1/2"]
[WhiteElo "2374"]
[BlackElo "2232"]
[Annotator "NA"]
[PlyCount "48"]
[EventDate "2019.08.23"]
[EventType "team-tourn"]
[EventCountry "SRB"]
[SourceTitle "playchess.com"]
[Source "ChessBase"]
[SourceQuality "1"]
[TimeControl "40/5400+30:1800+30"]

1. e4 {[%emt 0:00:00]} d6 {[%emt 0:04:03]} 2. d4 {[%emt 0:00:00]} Nf6 {[%emt 0:00:21]} 3. Nc3 {[%emt 0:00:03]} e5 {[%emt 0:00:14]} 4. Nge2 {[%emt 0:00:21]} c6 {[%emt 0:01:12]} 5. a4 {[%emt 0:01:01]} Nbd7 {[%emt 0:00:22]} 6. g3 {[%emt 0:00:38]} g6 {[%emt 0:04:38]} 7. Bg2 {[%emt 0:00:08]} Bg7 {[%emt 0:00:12]} 8. O-O {[%emt 0:00:16]} O-O {[%emt 0:00:07]} 9. h3 {[%emt 0:00:17]} a5 {[%emt 0:12:56]} 10. Be3 {[%emt 0:03:21]} exd4 {[%emt 0:04:40]} 11. Bxd4 {[%emt 0:00:37]} Re8 {[%emt 0:00:12]} 12. g4 {[%emt 0:00:30]} Nb6 {[%emt 0:12:47]} 13. Ng3 {[%emt 0:03:44]} d5 {[%emt 0:07:48]} 14. e5 {[%emt 0:04:19]} Nfd7 {[%emt 0:07:04]} 15. f4 {[%emt 0:00:11]} f6 {[%emt 0:03:57]} 16. exf6 {[%emt 0:03:41]} Bxf6 {[%emt 0:00:35]} 17. f5 {[%emt 0:02:25]} Qe7 {[%emt 0:06:30]} 18. fxg6 {[%emt 0:10:09]} Bxd4+ {[%emt 0:03:05]} 19. Qxd4 {[%emt 0:00:12]} hxg6 {[%emt 0:00:01]} 20. Kh2 {[%emt 0:01:07]} Qe3 {[%emt 0:02:10]} 21. Qd1 {[%emt 0:04:06]} Ne5 {[%emt 0:02:06]} 22. Re1 {[%emt 0:08:57]} Qf2 {[%emt 0:03:55]} 23. Rf1 {[%emt 0:11:25]} Qe3 {[%emt 0:00:46]} 24. Re1 {[%emt 0:01:38]} Qf2 {[%emt 0:00:26]} 1/2-1/2

[Event "SRB-chT Men 1st League 2019"]
[Site "Subotica"]
[Date "2019.08.25"]
[Round "4.1"]
[White "Rakhmanov, Aleksandr"]
[Black "Ter-Sahakyan, Samvel"]
[Result "1-0"]
[WhiteElo "2606"]
[BlackElo "2632"]
[Annotator "TA"]
[PlyCount "143"]
[EventDate "2019.08.23"]
[EventType "team-tourn"]
[EventCountry "SRB"]
[SourceTitle "playchess.com"]
[Source "ChessBase"]
[SourceQuality "1"]

{[%evp 13,143,0,0,0,-6,-8,14,10,33,23,38,21,26,28,26,25,30,26,27,27,41,50,42,42,37,39,39,18,18,27,49,10,13,13,15,0,0,0,0,0,29,0,0,0,5,0,0,0,0,0,0,0,7,0,8,0,0,0,0,0,0,0,0,0,0,0,21,21,21,21,21,21,43,38,38,8,8,8,8,8,8,8,37,8,8,8,8,8,8,8,16,8,8,8,8,8,8,8,8,8,8,8,8,8,8,8,23,24,24,0,8,8,8,8,215,8,8,8,8,8,8,8,8,8,8,8,29981,29981,29981,29982,29982,29982]} 1. d4 Nf6 2. c4 e6 3. Nc3 Bb4 4. e3 O-O 5. Bd2 d5 6. Nf3 b6 7. cxd5 exd5 8. Rc1 {E51: Nimzo-Indian: Rubinstein: 4...0-0 5 Nf3 d5} Bb7 9. Bd3 a6 10. Ne5 {The position is equal.} c5 $146 ({Predecessor:} 10... Bd6 11. f4 c5 12. Qf3 Nc6 13. O-O cxd4 14. Nxc6 Bxc6 15. exd4 Qd7 {1-0 (25) Zanan,E (2510)-Bosiocic,M (2613) Karlsruhe 2019}) 11. O-O Nc6 12. Nxc6 Bxc6 13. dxc5 bxc5 14. Ne2 Qb6 15. Bxb4 Qxb4 16. Qb3 Qa5 17. Qc3 Qxc3 18. Rxc3 c4 19. Nd4 Bd7 20. Bc2 a5 21. b3 cxb3 22. Bxb3 a4 23. Bc2 Rfb8 24. Rb1 Kf8 25. f3 Rxb1+ 26. Bxb1 Ke7 27. Kf1 g6 28. Ke1 Kd6 29. Kd2 Ne8 30. Bd3 Rb8 31. Rc1 Nc7 32. Kc3 Re8 33. Re1 Kc5 34. a3 h5 35. h4 Kd6 36. Kc2 Rb8 37. Kc3 Rc8 38. Kd2 Rb8 39. Ra1 Ne6 40. Nxe6 Bxe6 41. Rb1 Rxb1 42. Bxb1 $11 {[%mdl 4096] Endgame KB-KB} Kc5 43. Bc2 Bd7 44. Kc3 (44. g4 $5) 44... f5 $1 45. Bd1 Be8 $1 46. Be2 Bd7 47. Bd3 Bc8 48. Bf1 Be6 49. Ba6 Kb6 50. Be2 {aiming for Kb4.} Kc5 51. Bd1 Bd7 52. g3 Be8 $1 53. g4 fxg4 54. fxg4 g5 $1 {[%cal Rg5h4]} 55. gxh5 gxh4 {White must now prevent ...h3.} 56. h6 Bg6 {Threatens to win with ...h3.} 57. Bg4 Be4 58. Bh3 Bh7 59. Bf1 Bg8 60. Kd2 Bh7 $1 61. Kc3 Bg8 62. Kd3 {And now Bg2 would win.} Bh7+ 63. Kd2 Bg8 $2 {[#]} (63... Bf5 $11 {and Black has nothing to worry.}) 64. Ke1 $2 (64. Ke2 $1 $18) 64... Bh7 $1 65. Kf2 {Hoping for Kf3.} d4 $1 66. exd4+ Kxd4 67. Bb5 Ke5 68. Bxa4 Kf6 $1 69. Bd1 {Strongly threatening a4.} Kg5 $2 {[%mdl 8192] [#]} (69... Bf5 $11) 70. a4 {[%cal Ba3a4,Ba4a5,Ba5a6][%mdl 32] White mates.} h3 71. a5 Kxh6 72. a6 {Accuracy: White = 64%, Black = 67%.} 1-0

[Event "SRB-chT Men 1st League 2019"]
[Site "Subotica"]
[Date "2019.08.25"]
[Round "4.2"]
[White "Ratkovic, Miloje"]
[Black "Perunovic, Milos"]
[Result "1/2-1/2"]
[WhiteElo "2431"]
[BlackElo "2569"]
[Annotator "ChessBase"]
[PlyCount "25"]
[EventDate "2019.08.23"]
[EventType "team-tourn"]
[EventCountry "SRB"]
[SourceTitle "playchess.com"]
[Source "ChessBase"]
[SourceQuality "1"]
[TimeControl "40/5400+30:1800+30"]

1. d4 {[%emt 1:30:30]} Nf6 {[%emt 0:00:00]} 2. Nf3 {[%emt 0:00:30]} e6 {[%emt 0:00:30]} 3. c4 {[%emt 0:00:30]} c5 {[%emt 0:00:30]} 4. e3 {[%emt 0:00:30]} d5 {[%emt 0:00:30]} 5. cxd5 {[%emt 0:00:30]} exd5 {[%emt 0:00:30]} 6. Bb5+ {[%emt 0:00:30]} Nbd7 {[%emt 0:00:30]} 7. dxc5 {[%emt 0:00:30]} a6 {[%emt 0:00:30]} 8. Be2 {[%emt 0:00:30]} Nxc5 {[%emt 0:00:30]} 9. O-O {[%emt 0:00:30]} Bd6 {[%emt 0:00:30]} 10. b3 {[%emt 0:00:30]} O-O {[%emt 0:00:30]} 11. Bb2 {[%emt 0:00:30]} Bg4 {[%emt 0:00:30]} 12. Nc3 {[%emt 0:00:30]} Rc8 {[%emt 0:00:30]} 13. Rc1 {[%emt 0:00:30]} 1/2-1/2

[Event "SRB-chT Men 1st League 2019"]
[Site "Subotica"]
[Date "2019.08.25"]
[Round "4.3"]
[White "Damljanovic, Branko"]
[Black "Ratkovic, Milovan"]
[Result "1/2-1/2"]
[WhiteElo "2483"]
[BlackElo "2411"]
[Annotator "ChessBase"]
[PlyCount "103"]
[EventDate "2019.08.23"]
[EventType "team-tourn"]
[EventCountry "SRB"]
[SourceTitle "playchess.com"]
[Source "ChessBase"]
[SourceQuality "1"]
[TimeControl "40/5400+30:1800+30"]

1. c4 {[%emt 0:00:00]} c6 {[%emt 0:00:04]} 2. d4 {[%emt 0:01:40]} d5 {[%emt 0:00:08]} 3. Nf3 {[%emt 0:00:27]} Nf6 {[%emt 0:00:26]} 4. Nc3 {[%emt 0:00:09]} e6 {[%emt 0:00:25]} 5. e3 {[%emt 0:01:45]} Nbd7 {[%emt 0:00:12]} 6. Qc2 {[%emt 0:03:16]} Bd6 {[%emt 0:00:37]} 7. Be2 {[%emt 0:03:23]} O-O {[%emt 0:00:49]} 8. O-O {[%emt 0:00:09]} dxc4 {[%emt 0:00:58]} 9. Bxc4 {[%emt 0:00:02]} b5 {[%emt 0:00:44]} 10. Bd3 {[%emt 0:03:04]} Bb7 {[%emt 0:01:49]} 11. Rd1 {[%emt 0:01:44]} Qb8 {[%emt 0:04:28]} 12. h3 {[%emt 0:02:51]} h6 {[%emt 0:08:53]} 13. b3 {[%emt 0:17:13]} a6 {[%emt 0:02:05]} 14. Ne4 {[%emt 0:08:53]} Nxe4 {[%emt 0:02:00]} 15. Bxe4 {[%emt 0:00:03]} Nf6 {[%emt 0:08:35]} 16. Bd3 {[%emt 0:01:57]} Rc8 {[%emt 0:00:37]} 17. Qe2 {[%emt 0:04:49]} c5 {[%emt 0:01:43]} 18. dxc5 {[%emt 0:00:06]} Bxc5 {[%emt 0:00:42]} 19. Bb2 {[%emt 0:00:10]} Qc7 {[%emt 0:02:43]} 20. a4 {[%emt 0:05:30]} b4 {[%emt 0:01:58]} 21. Rac1 {[%emt 0:01:24]} Qe7 {[%emt 0:02:48]} 22. Ne5 {[%emt 0:03:25]} Rd8 {[%emt 0:10:15]} 23. Bc4 {[%emt 0:18:50]} a5 {[%emt 0:22:05]} 24. Bb5 {[%emt 0:01:54]} Rxd1+ {[%emt 0:02:17]} 25. Rxd1 {[%emt 0:04:11]} Bd5 {[%emt 0:01:14]} 26. Bc6 {[%emt 0:03:10]} Bxc6 {[%emt 0:13:42]} 27. Nxc6 {[%emt 0:00:11]} Qb7 {[%emt 0:01:11]} 28. Ne5 {[%emt 0:08:42]} Nd5 {[%emt 0:01:55]} 29. Qf3 {[%emt 0:00:22]} Bf8 {[%emt 0:02:20]} 30. Rc1 {[%emt 0:01:01]} Rd8 {[%emt 0:00:51]} 31. g3 {[%emt 0:01:36]} f6 {[%emt 0:04:54]} 32. Nc4 {[%emt 0:00:10]} Qa7 {[%emt 0:00:55]} 33. Bd4 {[%emt 0:00:58]} Bc5 {[%emt 0:01:09]} 34. Nxa5 {[%emt 0:01:07]} Bxd4 {[%emt 0:00:27]} 35. Nc6 {[%emt 0:00:01]} Qc7 {[%emt 0:00:30]} 36. Rc4 {[%emt 0:00:43]} Bb6 {[%emt 0:00:44]} 37. Nxd8 {[%emt 0:01:28]} Qxd8 {[%emt 0:00:01]} 38. Qe4 {[%emt 0:01:38]} Qd7 {[%emt 0:00:40]} 39. Qd3 {[%emt 0:00:20]} Qa7 {[%emt 0:00:55]} 40. Qg6 {[%emt 0:00:00]} Qd7 {[%emt 0:00:00]} 41. Qd3 {[%emt 0:01:14]} f5 {[%emt 0:20:36]} 42. Rxb4 {[%emt 0:05:35]} Qd6 {[%emt 0:00:47]} 43. Rb5 {[%emt 0:04:12]} Bxe3 {[%emt 0:02:20]} 44. fxe3 {[%emt 0:01:10]} Qxg3+ {[%emt 0:00:07]} 45. Kf1 {[%emt 0:00:06]} Qf3+ {[%emt 0:01:06]} 46. Ke1 {[%emt 0:00:17]} Nxe3 {[%emt 0:01:04]} 47. Kd2 {[%emt 0:00:45]} Qf2+ {[%emt 0:01:14]} 48. Kc3 {[%emt 0:11:16]} Qe1+ {[%emt 0:04:26]} 49. Kb2 {[%emt 0:04:21]} Qf2+ {[%emt 0:01:11]} 50. Kc3 {[%emt 0:00:41]} Qe1+ {[%emt 0:00:22]} 51. Kb2 {[%emt 0:00:28]} Qf2+ {[%emt 0:00:24]} 52. Kc3 {[%emt 0:00:23]} 1/2-1/2

[Event "SRB-chT Men 1st League 2019"]
[Site "Subotica"]
[Date "2019.08.25"]
[Round "4.4"]
[White "Popov, Sinisa S"]
[Black "Tadic, Branko"]
[Result "0-1"]
[WhiteElo "2440"]
[BlackElo "2488"]
[Annotator "ChessBase"]
[PlyCount "54"]
[EventDate "2019.08.23"]
[EventType "team-tourn"]
[EventCountry "SRB"]
[SourceTitle "playchess.com"]
[Source "ChessBase"]
[SourceQuality "1"]
[TimeControl "40/5400+30:1800+30"]

1. Nf3 {[%emt 0:00:00]} Nf6 {[%emt 0:02:56]} 2. d4 {[%emt 0:01:58]} g6 {[%emt 0:00:16]} 3. g3 {[%emt 0:00:22]} d5 {[%emt 0:01:02]} 4. Bg2 {[%emt 0:00:44]} c6 {[%emt 0:03:32]} 5. O-O {[%emt 0:01:44]} Bg7 {[%emt 0:00:06]} 6. c4 {[%emt 0:03:05]} dxc4 {[%emt 0:07:52]} 7. Nbd2 {[%emt 0:16:16]} b5 {[%emt 0:02:49]} 8. e4 {[%emt 0:06:33]} O-O {[%emt 0:00:13]} 9. e5 {[%emt 0:04:25]} Nd5 {[%emt 0:02:57]} 10. Ne4 {[%emt 0:01:57]} a5 {[%emt 0:00:22]} 11. a3 {[%emt 0:05:18]} Na6 {[%emt 0:03:06]} 12. Bg5 {[%emt 0:04:16]} f5 {[%emt 0:05:22]} 13. Nc3 {[%emt 0:09:09]} Nac7 {[%emt 0:01:41]} 14. Qd2 {[%emt 0:04:47]} Nxc3 {[%emt 0:10:55]} 15. bxc3 {[%emt 0:01:06]} Nd5 {[%emt 0:00:05]} 16. h4 {[%emt 0:01:31]} f4 {[%emt 0:03:38]} 17. Bxf4 {[%emt 0:01:01]} Nxf4 {[%emt 0:00:56]} 18. gxf4 {[%emt 0:00:08]} Qd7 {[%emt 0:02:58]} 19. Rfe1 {[%emt 0:10:51]} Qg4 {[%emt 0:02:27]} 20. Nh2 {[%emt 0:01:00]} Qxh4 {[%emt 0:00:53]} 21. Bxc6 {[%emt 0:00:25]} Bh6 {[%emt 0:01:16]} 22. Re4 {[%emt 0:03:21]} Rb8 {[%emt 0:04:02]} 23. Rae1 {[%emt 0:05:56]} Bf5 {[%emt 0:02:25]} 24. R4e3 {[%emt 0:00:42]} Bxf4 {[%emt 0:00:49]} 25. Nf1 {[%emt 0:00:10]} Bd3 {[%emt 0:02:52]} 26. Ng3 {[%emt 0:01:08]} Qg4 {[%emt 0:03:21]} 27. Kg2 {[%emt 0:07:23]} h5 {[%emt 0:01:05]} 0-1

[Event "SRB-chT Men 1st League 2019"]
[Site "Subotica"]
[Date "2019.08.25"]
[Round "4.5"]
[White "Nestorovic, Nikola"]
[Black "Budisavljevic, Luka"]
[Result "1/2-1/2"]
[WhiteElo "2468"]
[BlackElo "2359"]
[Annotator "ChessBase"]
[PlyCount "34"]
[EventDate "2019.08.23"]
[EventType "team-tourn"]
[EventCountry "SRB"]
[SourceTitle "playchess.com"]
[Source "ChessBase"]
[SourceQuality "1"]
[TimeControl "40/5400+30:1800+30"]

1. d4 {[%emt 1:30:30]} Nf6 {[%emt 1:30:30]} 2. Nf3 {[%emt 0:00:30]} e6 {[%emt 0:00:30]} 3. Nbd2 {[%emt 0:00:30]} d5 {[%emt 0:00:30]} 4. c4 {[%emt 0:00:30]} b6 {[%emt 0:00:30]} 5. g3 {[%emt 0:00:30]} Bb7 {[%emt 0:00:30]} 6. Bg2 {[%emt 0:00:30]} Be7 {[%emt 0:00:30]} 7. Qa4+ {[%emt 0:00:30]} c6 {[%emt 0:00:30]} 8. O-O {[%emt 0:00:30]} O-O {[%emt 0:00:30]} 9. Qc2 {[%emt 0:00:30]} Nbd7 {[%emt 0:00:30]} 10. e4 {[%emt 0:00:30]} dxe4 {[%emt 0:00:30]} 11. Nxe4 {[%emt 0:00:30]} c5 {[%emt 0:00:30]} 12. Nxf6+ {[%emt 0:00:30]} Nxf6 {[%emt 0:00:30]} 13. Rd1 {[%emt 0:00:30]} Qc8 {[%emt 0:00:30]} 14. Be3 {[%emt 0:00:30]} cxd4 {[%emt 0:00:30]} 15. Bxd4 {[%emt 0:00:30]} Be4 {[%emt 0:00:30]} 16. Qe2 {[%emt 0:00:30]} Qb7 {[%emt 0:00:30]} 17. Bc3 {[%emt 0:00:30]} Rfd8 {[%emt 0:00:30]} 1/2-1/2